| 000 -CABECERA |
| fixed length control field |
01211nam a22002057a 4500 |
| 003 - IDENTIFICADOR DEL NÚMERO DE CONTROL |
| control field |
AR-CdUCM |
| 008 - DATOS DE LONGITUD FIJA--INFORMACIÓN GENERAL |
| fixed length control field |
190306b ||||| |||| 00| 0 spa d |
| 040 ## - FUENTE DE LA CATALOGACIÓN |
| Agencia/entidad que catalogó originalmente la obra |
MUNICIPALIDAD PROVINCIAL DEL CUSCO |
| Entidad que transcribió la catalogación |
BIBLIOTECA MUNICIPAL DEL CUSCO |
| 082 ## - NÚMERO DE LA CLASIFICACIÓN DECIMAL DEWEY |
| No. de Clasificación |
338.98 / |
| Notacion interna |
I59 |
| 110 ## - ENTRADA PRINCIPAL--NOMBRE DE ENTIDAD CORPORATIVA |
| Nombre de la institución, jurisdicción como entrada principal |
Instituto de Cooperación Iberoamericana ; Centro de Estudios y Promocion del Desarrollo , DESCO |
| 9 (RLIN) |
10602 |
| 245 ## - MENCIÓN DE TÍTULO |
| Título |
Comercialización de productos Básicos / |
| 260 ## - PUBLICACIÓN, DISTRIBUCIÓN, ETC. |
| Lugar de publicación, distribución, etc. |
Madrid : |
| Nombre de la editorial, distribuidor, etc. |
Cultura Hispanica , |
| Fecha de publicación, distribución, etc. |
1984. |
| 300 ## - DESCRIPCIÓN FÍSICA |
| Nº de Páginas Extensión |
302 páginas ; |
| Dimensiones |
24 cm. |
| 505 ## - NOTA DE CONTENIDO CON FORMATO |
| Nota de contenido formateada |
Contenido : Comercializacion del Azucar: La experiencia de CECOAAP ; Esferas de accion de las asociaciones de productores: La Estrategia de Geplacea -- Algodon : Monopolio vs. Comercio Libre -- Comercializacion de Granos Basicos -- El Mercado Internacional de la Soja -- Comercializacion Internacional de Fertilizantes : La experiencia peruana -- Comercializacion de harina de pescado -- La Accion Empresarial del Estado en la comercializacion del cobre -- Comercializacion de Plomo y Zinc -- La comercializacion de Plata... |
| 650 ## - PUNTO DE ACCESO ADICIONAL DE MATERIA--TÉRMINO DE MATERIA |
| Descriptor |
Mercadotecnia |
| 9 (RLIN) |
10603 |
| 650 ## - PUNTO DE ACCESO ADICIONAL DE MATERIA--TÉRMINO DE MATERIA |
| Descriptor |
Comercializacion |
| 9 (RLIN) |
10604 |
| 650 ## - PUNTO DE ACCESO ADICIONAL DE MATERIA--TÉRMINO DE MATERIA |
| Descriptor |
Exportacion |
| 9 (RLIN) |
10605 |
| 942 ## - ELEMENTOS DE PUNTO DE ACCESO ADICIONAL (KOHA) |
| Fuente de clasificación |
|
| Tipo de item |
Libros-BMC |
| 945 ## - PROCESAMIENTO DE INFORMACIÓN LOCAL (OCLC) |
| Catalogador |
rtm |